000 03133camaa2201225 i 4500
003 PE-LiUPU
005 20250813185324.0
008 160106s2015 pe g 000 0 spa c
020 _a6123190415
020 _a9786123190415
035 _a(Sirsi) i9786123190415
040 _aPE-LiUPU
_bspa
_cPE-LiUPU
_erda
049 _aPRUA
082 4 _a320.5
_bM26
_220
100 1 _aMariátegui, Aldo,
_eauthor.
245 1 3 _aEl octavo ensayo /
_cAldo Mariátegui.
250 _aPrimera edición.
264 1 _aLima, Peru :
_bPlaneta,
_c2015.
300 _a163 páginas ;
_c23 centímetros
336 _atext
_2rdacontent
337 _aunmediated
_2rdamedia
338 _avolume
_2rdacarrier
504 _aIntroducción. ¿Por qué detesto tanto a la izquierda? -- Primer capítulo. La aurora roja -- Segundo capítulo. Los años del Stalin peruano -- Tercer capítulo. Nuestra juega a la guerra -- Cuarto capítulo. "Sudaremos, sudaremos, sudaraemos".
526 _aP202
526 _aP201
526 _aP163
526 _aP162
526 _aP161
526 _aP160
526 _aP148
526 _aP147
526 _aP146
526 _aP145
526 _aP144
526 _aP143
526 _aP142
526 _aP141
526 _aP140
526 _aP139
526 _aP138
526 _aP137
526 _aP136
526 _aP135
526 _aP134
526 _aP133
526 _aP129
526 _aP128
526 _aP127
526 _aP120
526 _aP119
526 _aP118
526 _aP116
526 _aP115
526 _aP114
526 _aP110
526 _aP109
526 _aP108
526 _aP104
526 _aP103
526 _aP102
526 _aP99
526 _aP98
526 _aP97
526 _aP96
526 _aP95
526 _aP93
526 _aP90
526 _aP89
526 _aP88
526 _aP83
526 _aP82
526 _aP62
526 _aP59
526 _aP58
526 _aP57
526 _aP51
526 _aP49
526 _aP48
526 _aP47
526 _aP29
526 _aP24
526 _aP20
526 _aP19
526 _aP17
526 _aP15
526 _aP14
526 _aP12
526 _aP10
526 _aP09
526 _aP08
526 _aP07
526 _aP06
526 _aP05
526 _aP04
526 _aP01
541 _g0020-0000434;
650 0 _aDerecha e izquierda (Ciencias Políticas )
_zPeru
_ySiglo 20.
651 0 _aPeru
_xPolítica y gobierno
_ySiglo 20.
910 _ajck
_ebj
_cebj
_d20160510
942 _2ddc
_cBOOK
949 _a320.5 M26
_wDEWEY
_c1
_i72907
_d2016-9-27
_e2016-9-25
_lCCODEBUL1
_mBUL
_n7
_p10.51
_r0
_sY
_tBOOK
_u2016-5-10
_xFCE
_PP06
_0COMPRA
_o.STAFF. Colección General
994 _aC0
_bPEPRU
596 _a1
999 _a320.5 M26
_wDEWEY
_c9346
_i72907
_d9346
_e2017-9-4
_f2021-11-5
_g6
_lCCODEBUL1
_mBUL
_n8
_p10.51
_r0
_sY
_tBOOK
_u2016-5-10
_xBIBLIOTECA
_PP06
_0COMPRA
_o.STAFF. Colección General
980 _81
_gALBERTO SANCHEZ Responsable de Automatización